Shifted Countries - Statistics

General Stats
  • This quiz has been taken 86 times
  • The average score is 9 of 11
Answers on the Map
Answers color-coded by a green-red scale on the quiz's map according to % correct below.
 
Answer Stats
Answer % Correct
United Kingdom
97%
Cuba
96%
Ireland
96%
Japan
96%
Australia
94%
Phillippines
93%
Madagascar
90%
Taiwan
87%
Iceland
82%
New Zealand
76%
Palau
45%
No matching quizzes found
Score Distribution
Percent of People with Each Score
Percentile by Number Answered
Your Score History
You have not taken this quiz